Music Quiz

Random Music or Lyrics Quiz

2000s Lyrics Match III Quiz Stats

 Plays Quiz Updated Jul 20, 2016

Challenge
Share
Tweet
Embed
Score 0/24 Timer 06:00
7 Plays Today
% Correct
Boulevard of Broken Dreams - Green Day
89.2%
Oops!.. I Did It Again - Britney Spears
81.9%
Love Story - Taylor Swift
80.8%
Chasing Cars - Snow Patrol
79.6%
Milkshake - Kelis
77.6%
You're Beautiful - James Blunt
74%
This Love - Maroon 5
73.4%
Ms. Jackson - OutKast
72.5%
Work It - Missy Elliott
72.3%
Teenage Dirtbag - Wheatus
64.9%
Whenever, Wherever - Shakira
63.3%
Crazy - Gnarls Barkley
62.8%
% Correct
Complicated - Avril Lavigne
61.7%
Seven Nation Army - The White Stripes
61.4%
Don't Cha - The Pussycat Dolls ft. Busta Rhymes
61%
Glamorous - Fergie
60%
Heartless - Kanye West
59.8%
Can't Fight the Moonlight - LeAnn Rimes
56.1%
Evacuate the Dancefloor - Cascada
54.5%
Cry Me a River - Justin Timberlake
54.4%
Paparazzi - Lady Gaga
53.8%
Stan - Eminem
52.4%
Yellow - Coldplay
51.4%
SOS - Rihanna
44.9%

You're not logged in!

Compare scores with friends on all Sporcle quizzes.
Join for Free
OR
Log In

You Might Also Like...

Show Comments

Extras

Top Quizzes Today


Score Distribution

Your Account Isn't Verified!

In order to create a playlist on Sporcle, you need to verify the email address you used during registration. Go to your Sporcle Settings to finish the process.

Report this User

Report this user for behavior that violates our Community Guidelines.

Details: